Le nouvel entraînez-vous : Conjugaison: 450 nouveaux exercices

Guardado en:
Detalles Bibliográficos
Autor principal: Grand-Clément, Odile
Formato: Libro
Lenguaje:Undetermined
Publicado: Thành phố Hồ Chí Minh Tổng hợp Thành phố Hồ Chí Minh 2003
Materias:
Etiquetas: Agregar Etiqueta
Sin Etiquetas, Sea el primero en etiquetar este registro!
Thư viện lưu trữ: Trung tâm Học liệu Trường Đại học Cần Thơ
LEADER 00779nam a2200217Ia 4500
001 CTU_128731
008 210402s9999 xx 000 0 und d
020 |c 58000 
082 |a 445.02 
082 |b G751i 
100 |a Grand-Clément, Odile 
245 0 |a Le nouvel entraînez-vous : 
245 0 |b Conjugaison: 450 nouveaux exercices 
245 0 |c Odile Grand-Clément 
260 |a Thành phố Hồ Chí Minh 
260 |b Tổng hợp Thành phố Hồ Chí Minh 
260 |c 2003 
650 |a French language,French language,Pháp ngữ,Động từ 
650 |x Textbooks for foreign speakers,Verb.,sách giáo khoa dành cho người nước ngoài 
904 |i Minh 
980 |a Trung tâm Học liệu Trường Đại học Cần Thơ